[Event "Chigorin mem."]
[Site "St Petersburg RUS"]
[Date "2012.11.02"]
[Round "7"]
[White "Popilsky, Gil"]
[Black "Kovalyov, Anton"]
[Result "0-1"]
[WhiteElo "2475"]
[BlackElo "2593"]
[PlyCount "50"]
[GameId "2130307690207207"]
[EventDate "2012.10.27"]
[EventType "swiss"]
[EventRounds "9"]
[EventCountry "RUS"]
[SourceTitle "EXT 2013"]
[Source "ChessBase"]
[SourceDate "2012.11.22"]
[SourceVersion "1"]
[SourceVersionDate "2012.11.22"]
[SourceQuality "1"]

1. e4 c5 2. Nf3 d6 3. d4 cxd4 4. Nxd4 Nf6 5. Nc3 a6 6. Bg5 e6 7. Qf3 Nbd7 8. Be2 Qc7 9. a4 b6 10. O-O Bb7 11. Rad1 Be7 12. Qg3 Nc5 13. f3 O-O 14. Bh6 Ne8 15. b4 Nd7 16. f4 Rc8 17. Rd3 Bf6 18. e5 dxe5 19. Nxe6 fxe6 20. Bg4 Kh8 21. Bxe6 Rd8 22. Rfd1 Nb8 23. Rxd8 Bxd8 24. Bg5 Bxg5 25. fxg5 Qe7 0-1

[Event "Chigorin mem. rapid"]
[Site "St Petersburg RUS"]
[Date "2012.10.26"]
[Round "8"]
[White "Kovalyov, Anton"]
[Black "Stupak, Kirill"]
[Result "0-1"]
[WhiteElo "2593"]
[BlackElo "2520"]
[PlyCount "74"]
[GameId "2130307690328154"]
[EventDate "2012.10.25"]
[EventType "swiss (rapid)"]
[EventRounds "9"]
[EventCountry "RUS"]
[SourceTitle "EXT 2013"]
[Source "ChessBase"]
[SourceDate "2012.11.22"]
[SourceVersion "1"]
[SourceVersionDate "2012.11.22"]
[SourceQuality "1"]

1. c4 e6 2. g3 Nf6 3. Bg2 c5 4. Nf3 a6 5. Nc3 b6 6. O-O Bb7 7. d4 cxd4 8. Qxd4 d6 9. Rd1 Nbd7 10. Bg5 Rc8 11. Rac1 Be7 12. Nd2 Bxg2 13. Kxg2 O-O 14. Nde4 Rc6 15. b4 Qc8 16. Nd2 h6 17. Be3 b5 18. cxb5 axb5 19. f3 Ne5 20. Nde4 Nxe4 21. Nxe4 Nc4 22. Bg1 d5 23. Nc5 Bxc5 24. bxc5 Ra6 25. Rc2 Qa8 26. Qa1 Rb8 27. Rd3 e5 28. Rb3 d4 29. Bf2 Qd5 30. Qc1 Ra4 31. Qd1 Qxc5 32. Qd3 Rba8 33. Qe4 g6 34. f4 Rxa2 35. Rxa2 Rxa2 36. fxe5 Nd2 37. Bxd4 Nxe4 0-1

[Event "Bolivar op"]
[Site "San Cristobal VEN"]
[Date "2012.09.26"]
[Round "3"]
[White "Sriram, Jha"]
[Black "Kovalyov, Anton"]
[Result "0-1"]
[WhiteElo "2422"]
[BlackElo "2598"]
[PlyCount "88"]
[GameId "2130307691727205"]
[EventDate "2012.09.25"]
[EventType "swiss"]
[EventRounds "10"]
[EventCountry "VEN"]
[SourceTitle "EXT 2013"]
[Source "ChessBase"]
[SourceDate "2012.11.22"]
[SourceVersion "1"]
[SourceVersionDate "2012.11.22"]
[SourceQuality "1"]

1. d4 Nf6 2. c4 e6 3. Nf3 b6 4. g3 c6 5. Nc3 d5 6. Qa4 a6 7. Ne5 Be7 8. Bg2 O-O 9. O-O Bb7 10. Rd1 Nfd7 11. Nxd7 Nxd7 12. Qb3 b5 13. c5 e5 14. e3 a5 15. Qc2 e4 16. Bd2 Nf6 17. f3 exf3 18. Bxf3 Re8 19. Be1 Bf8 20. Bf2 Bc8 21. a3 Bg4 22. Qe2 Qd7 23. Bxg4 Nxg4 24. Qf3 h5 25. h3 Nf6 26. Kg2 Re6 27. Ne2 Ne4 28. Qxh5 Rh6 29. Qg4 f5 30. Qf3 Ng5 31. Qf4 Nxh3 32. Qxh6 gxh6 33. Kxh3 f4+ 34. Kg2 fxe3 35. Bxe3 Re8 36. Rd3 Qf5 37. Nf4 Be7 38. Rad1 Bg5 39. Kf2 h5 40. Bd2 Rf8 41. Bc1 h4 42. Kg1 Qg4 43. Ne6 Bxc1 44. Nxf8 Be3+ 0-1

[Event "Bolivar op"]
[Site "San Cristobal VEN"]
[Date "2012.09.27"]
[Round "4"]
[White "Kovalyov, Anton"]
[Black "Cordova, Emilio"]
[Result "1/2-1/2"]
[WhiteElo "2598"]
[BlackElo "2554"]
[PlyCount "37"]
[GameId "2130307691727237"]
[EventDate "2012.09.25"]
[EventType "swiss"]
[EventRounds "10"]
[EventCountry "VEN"]
[SourceTitle "EXT 2013"]
[Source "ChessBase"]
[SourceDate "2012.11.22"]
[SourceVersion "1"]
[SourceVersionDate "2012.11.22"]
[SourceQuality "1"]

1. c4 c5 2. Nf3 b6 3. g3 Bb7 4. Bg2 g6 5. d4 cxd4 6. Qxd4 Nf6 7. Nc3 Bg7 8. O-O d6 9. Rd1 Nbd7 10. Be3 Rc8 11. Rac1 O-O 12. Qh4 Re8 13. b3 a6 14. Bg5 Rc5 15. g4 Qa8 16. Be3 Rcc8 17. g5 Ne4 18. Nd5 e6 19. Nc3 1/2-1/2

[Event "Bolivar op"]
[Site "San Cristobal VEN"]
[Date "2012.09.27"]
[Round "5"]
[White "Rincon Sequeda, Jose Omar"]
[Black "Kovalyov, Anton"]
[Result "0-1"]
[WhiteElo "2024"]
[BlackElo "2598"]
[PlyCount "67"]
[GameId "2130307691731395"]
[EventDate "2012.09.25"]
[EventType "swiss"]
[EventRounds "10"]
[EventCountry "VEN"]
[SourceTitle "EXT 2013"]
[Source "ChessBase"]
[SourceDate "2012.11.22"]
[SourceVersion "1"]
[SourceVersionDate "2012.11.22"]
[SourceQuality "1"]

1. d4 Nf6 2. Nf3 e6 3. c4 b6 4. e3 Bb7 5. Bd3 c5 6. Nc3 Be7 7. O-O a6 8. b3 d6 9. Bb2 cxd4 10. Nxd4 Nbd7 11. Qe2 O-O 12. Rfd1 Rc8 13. Rac1 Re8 14. Bb1 Bf8 15. Qd2 Rc7 16. Nde2 Qa8 17. f3 Qb8 18. e4 Rd8 19. Qe1 Rcc8 20. Ng3 Bc6 21. Nce2 Ba8 22. Nf4 g6 23. Nd3 Bh6 24. Rc2 Bg7 25. e5 dxe5 26. Nxe5 Nc5 27. Rcd2 Rxd2 28. Qxd2 b5 29. Qf2 Ne8 30. Qe2 Nd6 31. cxb5 Nxb5 32. Rc1 Bd5 33. Nd3 Nd4 34. Qf2 0-1

[Event "Bolivar op"]
[Site "San Cristobal VEN"]
[Date "2012.09.28"]
[Round "6"]
[White "Kovalyov, Anton"]
[Black "Vazquez Igarza, Renier"]
[Result "1/2-1/2"]
[WhiteElo "2598"]
[BlackElo "2566"]
[PlyCount "40"]
[GameId "2130307691735533"]
[EventDate "2012.09.25"]
[EventType "swiss"]
[EventRounds "10"]
[EventCountry "VEN"]
[SourceTitle "EXT 2013"]
[Source "ChessBase"]
[SourceDate "2012.11.22"]
[SourceVersion "1"]
[SourceVersionDate "2012.11.22"]
[SourceQuality "1"]

1. c4 c5 2. Nf3 Nf6 3. Nc3 b6 4. g3 Bb7 5. Bg2 g6 6. O-O Bg7 7. d4 cxd4 8. Qxd4 d6 9. Rd1 Nbd7 10. Be3 Rc8 11. Rac1 a6 12. b3 O-O 13. Qh4 Rc7 14. g4 h6 15. h3 g5 16. Qg3 b5 17. Nd2 Bxg2 18. Qxg2 Qa8 19. Qxa8 Rxa8 20. cxb5 axb5 1/2-1/2

[Event "Bolivar op"]
[Site "San Cristobal VEN"]
[Date "2010.09.28"]
[Round "7"]
[White "Cori Tello, Deysi Estella"]
[Black "Kovalyov, Anton"]
[Result "1/2-1/2"]
[WhiteElo "2407"]
[BlackElo "2598"]
[PlyCount "34"]
[GameId "2130307691735573"]
[EventDate "2012.09.25"]
[EventType "swiss"]
[EventRounds "10"]
[EventCountry "VEN"]
[SourceTitle "EXT 2013"]
[Source "ChessBase"]
[SourceDate "2012.11.22"]
[SourceVersion "1"]
[SourceVersionDate "2012.11.22"]
[SourceQuality "1"]

1. d4 Nf6 2. Nf3 e6 3. e3 b6 4. Bd3 Bb7 5. O-O d5 6. b3 Bd6 7. Bb2 O-O 8. Nbd2 Ne4 9. c4 Nd7 10. Rc1 Ndf6 11. Qe2 a5 12. Bxe4 dxe4 13. Ne5 Qe7 14. c5 bxc5 15. dxc5 Bxc5 16. Qb5 Bb6 17. Nc6 Bxc6 1/2-1/2

[Event "Bolivar op"]
[Site "San Cristobal VEN"]
[Date "2012.09.29"]
[Round "8"]
[White "Kovalyov, Anton"]
[Black "Rohl Montes, Juan Armando"]
[Result "1-0"]
[WhiteElo "2598"]
[BlackElo "2411"]
[PlyCount "97"]
[GameId "2130307691739731"]
[EventDate "2012.09.25"]
[EventType "swiss"]
[EventRounds "10"]
[EventCountry "VEN"]
[SourceTitle "EXT 2013"]
[Source "ChessBase"]
[SourceDate "2012.11.22"]
[SourceVersion "1"]
[SourceVersionDate "2012.11.22"]
[SourceQuality "1"]

1. c4 c6 2. d4 d5 3. Nf3 Nf6 4. e3 Bg4 5. Qb3 Qb6 6. Nc3 e6 7. Nh4 Bh5 8. h3 g5 9. g4 gxh4 10. gxh5 Qxb3 11. axb3 Nxh5 12. c5 e5 13. b4 exd4 14. exd4 Ng7 15. Bd3 Ne6 16. Be3 Nd7 17. Ne2 h5 18. b5 Bh6 19. Kd2 Ke7 20. bxc6 bxc6 21. Ra6 Nb8 22. Ra4 Bxe3+ 23. fxe3 Rg8 24. Rha1 a6 25. Bxa6 Nxa6 26. Rxa6 Rxa6 27. Rxa6 Rg2 28. Rxc6 Ng5 29. Rh6 Nxh3 30. Ke1 Rg5 31. b4 Ng1 32. Nxg1 Rxg1+ 33. Kf2 Rg5 34. Ra6 h3 35. Ra1 Rg2+ 36. Kf3 Rb2 37. Rh1 h2 38. b5 Kd7 39. Kf4 f6 40. Kg3 Re2 41. Rxh2 Rxe3+ 42. Kf4 Re4+ 43. Kf5 Rxd4 44. Rxh5 Rb4 45. Rh7+ Kc8 46. Ke6 Rxb5 47. Kd6 Rb1 48. c6 Kb8 49. Rh8+ 1-0

[Event "Bolivar op"]
[Site "San Cristobal VEN"]
[Date "2012.09.29"]
[Round "9"]
[White "Rakhmanov, Alexander"]
[Black "Kovalyov, Anton"]
[Result "1/2-1/2"]
[WhiteElo "2582"]
[BlackElo "2598"]
[PlyCount "36"]
[GameId "2130307691743883"]
[EventDate "2012.09.25"]
[EventType "swiss"]
[EventRounds "10"]
[EventCountry "VEN"]
[SourceTitle "EXT 2013"]
[Source "ChessBase"]
[SourceDate "2012.11.22"]
[SourceVersion "1"]
[SourceVersionDate "2012.11.22"]
[SourceQuality "1"]

1. c4 e6 2. g3 Nf6 3. Bg2 d5 4. Nf3 Be7 5. O-O O-O 6. b3 c6 7. Bb2 b5 8. d3 Qb6 9. Nbd2 Bb7 10. e3 a5 11. Rc1 a4 12. Ne5 bxc4 13. dxc4 axb3 14. axb3 Na6 15. Nd3 Rfc8 16. Qe2 Qd8 17. Rfd1 Nb4 18. e4 Nxd3 1/2-1/2

[Event "Bolivar op"]
[Site "San Cristobal VEN"]
[Date "2012.09.30"]
[Round "10"]
[White "Kovalyov, Anton"]
[Black "Castro Rojas, Oscar Humberto"]
[Result "1-0"]
[WhiteElo "2598"]
[BlackElo "2359"]
[PlyCount "79"]
[GameId "2130307691748012"]
[EventDate "2012.09.25"]
[EventType "swiss"]
[EventRounds "10"]
[EventCountry "VEN"]
[SourceTitle "EXT 2013"]
[Source "ChessBase"]
[SourceDate "2012.11.22"]
[SourceVersion "1"]
[SourceVersionDate "2012.11.22"]
[SourceQuality "1"]

1. c4 e5 2. Nc3 Nc6 3. g3 g6 4. Bg2 Bg7 5. e3 Nge7 6. Nge2 d6 7. d3 O-O 8. O-O Be6 9. Nd5 Qd7 10. b3 Rae8 11. Ba3 Nd8 12. Rc1 c6 13. Nxe7+ Rxe7 14. d4 e4 15. d5 Bg4 16. c5 Re5 17. dxc6 Nxc6 18. Bb2 Rxc5 19. Bxg7 Rxc1 20. Qxc1 Bxe2 21. Bxf8 Bxf1 22. Kxf1 Kxf8 23. Bxe4 Ke7 24. Qd2 Qe6 25. Bxc6 bxc6 26. Qd4 c5 27. Qa4 Qd5 28. Qxa7+ Ke6 29. Qa4 Qh1+ 30. Ke2 Qxh2 31. Qe4+ Kd7 32. a4 Qh5+ 33. g4 Qg5 34. a5 d5 35. Qa4+ Kd6 36. a6 d4 37. a7 Qxg4+ 38. Kd2 dxe3+ 39. Kxe3 Qe6+ 40. Qe4 1-0

[Event "McGregor op"]
[Site "Bogota COL"]
[Date "2010.12.04"]
[Round "3.3"]
[White "Kovalyov, Anton"]
[Black "Duran Vega, Sergio"]
[Result "1-0"]
[WhiteElo "2623"]
[BlackElo "2153"]
[PlyCount "69"]
[GameId "2129405073991246"]
[EventDate "2010.12.03"]
[EventType "swiss"]
[EventRounds "10"]
[EventCountry "COL"]

1. c4 Nf6 2. Nf3 g6 3. Nc3 Bg7 4. e4 d6 5. d4 O-O 6. Be2 e5 7. Be3 Ng4 8. Bg5 f6 9. Bh4 g5 10. Bg3 Nh6 11. h3 Nd7 12. Qd2 exd4 13. Nxd4 Ne5 14. f4 Nc6 15. Nxc6 bxc6 16. f5 Nf7 17. c5 d5 18. exd5 Bxf5 19. dxc6 Qxd2+ 20. Kxd2 Rad8+ 21. Ke1 Rfe8 22. Rd1 Rxd1+ 23. Kxd1 Ne5 24. Kc1 Bh6 25. Rf1 g4+ 26. Bf4 Bxf4+ 27. Rxf4 gxh3 28. gxh3 Bxh3 29. Nd5 Ng6 30. Nxf6+ Kh8 31. Nxe8 Nxf4 32. Bf3 Nd3+ 33. Kd2 Nxb2 34. Kc3 Na4+ 35. Kd4 1-0

[Event "McGregor op"]
[Site "Bogota COL"]
[Date "2010.12.06"]
[Round "6.1"]
[White "Flores, Diego"]
[Black "Kovalyov, Anton"]
[Result "1/2-1/2"]
[WhiteElo "2608"]
[BlackElo "2623"]
[PlyCount "60"]
[GameId "2129405073999770"]
[EventDate "2010.12.03"]
[EventType "swiss"]
[EventRounds "10"]
[EventCountry "COL"]

1. c4 e6 2. Nc3 b6 3. d4 Bb4 4. e4 Bb7 5. Qc2 Qh4 6. d5 Bxc3+ 7. bxc3 Qe7 8. Bd3 Na6 9. Nf3 e5 10. a4 Nc5 11. a5 d6 12. Be3 Nf6 13. Bxc5 dxc5 14. Qa4+ Kf8 15. O-O g6 16. Ne1 Kg7 17. Nc2 Ne8 18. f4 f6 19. Rf2 Nd6 20. Rd1 Raf8 21. f5 gxf5 22. exf5 Rhg8 23. Ne3 Kh8 24. g4 Bc8 25. Rg2 Bd7 26. Qc2 e4 27. Be2 Qe5 28. Qd3 Rg7 29. Rg3 Rfg8 30. Qb1 Rg5 1/2-1/2

[Event "McGregor op"]
[Site "Bogota COL"]
[Date "2010.12.07"]
[Round "8.3"]
[White "Rios Filho, Hilton Carlos"]
[Black "Kovalyov, Anton"]
[Result "0-1"]
[WhiteElo "2405"]
[BlackElo "2623"]
[PlyCount "74"]
[GameId "2129405074008177"]
[EventDate "2010.12.03"]
[EventType "swiss"]
[EventRounds "10"]
[EventCountry "COL"]

1. e4 c5 2. Nf3 d6 3. d4 cxd4 4. Nxd4 Nf6 5. Nc3 a6 6. Bg5 Nbd7 7. Bc4 Qb6 8. Nb3 e6 9. O-O Be7 10. Bd3 Qc7 11. Qe2 O-O 12. Rae1 h6 13. Bd2 Ne5 14. f4 Nxd3 15. cxd3 b5 16. Rc1 Qb6+ 17. Kh1 Bb7 18. Nd1 a5 19. Be3 Qa6 20. Bd4 Rfc8 21. Ne3 Rxc1 22. Rxc1 a4 23. Nd2 b4 24. Ndc4 Rd8 25. b3 d5 26. Bxf6 Bxf6 27. e5 dxc4 28. exf6 cxd3 29. Qg4 g6 30. Qh4 d2 31. Rg1 h5 32. Qg5 Kh7 33. f5 exf5 34. Nd1 axb3 35. axb3 Qc6 36. Qf4 Qd5 37. Qe3 Bc6 0-1

[Event "Bratto op"]
[Site "Bratto ITA"]
[Date "2010.08.20"]
[Round "1"]
[White "Van den Bersselaar, Jeroen"]
[Black "Kovalyov, Anton"]
[Result "0-1"]
[WhiteElo "2197"]
[BlackElo "2599"]
[PlyCount "72"]
[GameId "2129405076313165"]
[EventDate "2010.08.20"]
[EventType "swiss"]
[EventRounds "9"]
[EventCountry "ITA"]
[SourceTitle "The Week in Chess 824"]
[Source "Mark Crowther"]
[SourceDate "2010.08.23"]
[SourceVersion "1"]
[SourceVersionDate "2010.08.23"]
[SourceQuality "2"]

1. d4 Nf6 2. c4 e6 3. Nf3 b6 4. a3 Ba6 5. e3 Be7 6. Nbd2 Bb7 7. Bd3 c5 8. O-O d6 9. b3 O-O 10. Bb2 Nbd7 11. Rc1 Rc8 12. Bb1 Re8 13. Qe2 Bf8 14. Rfd1 cxd4 15. Nxd4 a6 16. b4 Rc7 17. f3 Qb8 18. Qf2 Rec8 19. Ne2 g6 20. Qh4 Bg7 21. Ng3 d5 22. Ba2 dxc4 23. Rxc4 Rxc4 24. Bxc4 b5 25. Bb3 Bd5 26. Nge4 Nxe4 27. Bxg7 Nxd2 28. Bxd5 Kxg7 29. Bxe6 fxe6 30. Qe7+ Kh8 31. Qxd7 Rd8 32. Qc6 Qe5 33. Kf2 Qd6 34. Qc3+ Kg8 35. Qc2 Kf7 36. Ke1 Qxh2 0-1

[Event "Bratto op"]
[Site "Bratto ITA"]
[Date "2010.08.21"]
[Round "2"]
[White "Kovalyov, Anton"]
[Black "Ramiro Ovejero, Juan Luis"]
[Result "1-0"]
[WhiteElo "2599"]
[BlackElo "2383"]
[PlyCount "67"]
[GameId "2129405076313173"]
[EventDate "2010.08.20"]
[EventType "swiss"]
[EventRounds "9"]
[EventCountry "ITA"]
[SourceTitle "The Week in Chess 824"]
[Source "Mark Crowther"]
[SourceDate "2010.08.23"]
[SourceVersion "1"]
[SourceVersionDate "2010.08.23"]
[SourceQuality "2"]

1. c4 e5 2. Nc3 Bb4 3. g3 Bxc3 4. dxc3 d6 5. Bg2 Nc6 6. Nf3 Be6 7. b3 Qd7 8. Ng5 Bf5 9. e4 Bg6 10. Qe2 Nf6 11. f3 h6 12. Nh3 O-O 13. Nf2 Nh7 14. h4 f5 15. h5 Bf7 16. exf5 Qxf5 17. Ne4 Be6 18. Be3 Qf7 19. g4 Nf6 20. O-O-O Nxe4 21. fxe4 a6 22. Rhg1 b5 23. Bh1 bxc4 24. g5 cxb3 25. axb3 Bxb3 26. Rde1 Bc4 27. Qd1 Kh8 28. gxh6 Rg8 29. Rg6 Rab8 30. Reg1 Ba2 31. Qc2 Rb1+ 32. Qxb1 Bxb1 33. hxg7+ Rxg7 34. Rxg7 1-0

[Event "Bratto op"]
[Site "Bratto ITA"]
[Date "2010.08.22"]
[Round "3"]
[White "Brunello, Sabino"]
[Black "Kovalyov, Anton"]
[Result "1-0"]
[WhiteElo "2488"]
[BlackElo "2599"]
[PlyCount "127"]
[GameId "2129405076313179"]
[EventDate "2010.08.20"]
[EventType "swiss"]
[EventRounds "9"]
[EventCountry "ITA"]
[SourceTitle "The Week in Chess 824"]
[Source "Mark Crowther"]
[SourceDate "2010.08.23"]
[SourceVersion "1"]
[SourceVersionDate "2010.08.23"]
[SourceQuality "2"]

1. d4 Nf6 2. Nf3 e6 3. c4 b6 4. g3 c6 5. Nc3 d5 6. Qa4 a6 7. Ne5 Bb7 8. cxd5 b5 9. Qb3 Nxd5 10. Bg2 Nd7 11. Nxd7 Qxd7 12. Ne4 Bb4+ 13. Bd2 Bxd2+ 14. Nxd2 Nf6 15. Nf3 Rc8 16. Rc1 Qe7 17. O-O c5 18. dxc5 Rxc5 19. Qe3 Rxc1 20. Rxc1 O-O 21. Ne5 Nd5 22. Qc5 Qxc5 23. Rxc5 Rd8 24. f3 Rc8 25. Rxc8+ Bxc8 26. Kf2 f6 27. Nd3 Kf7 28. f4 Ne7 29. e4 g5 30. fxg5 fxg5 31. Ke3 Nc6 32. e5 Bd7 33. Be4 h6 34. b4 Kg7 35. a3 Kf7 36. h4 Ne7 37. hxg5 hxg5 38. Nc5 Bc6 39. g4 Bxe4 40. Kxe4 Nd5 41. Kd4 Nc7 42. Ne4 Nd5 43. Nxg5+ Ke7 44. Ne4 Nf4 45. Nc5 Ne2+ 46. Kd3 Nf4+ 47. Ke3 Nd5+ 48. Kd4 Nc7 49. Ne4 Nd5 50. Nd6 Nf4 51. g5 Ne2+ 52. Kd3 Nf4+ 53. Ke3 Nd5+ 54. Kd4 Nf4 55. Nb7 Ne2+ 56. Kd3 Nf4+ 57. Ke4 Nd5 58. Kd4 Nc7 59. g6 Kf8 60. Kc5 Ke7 61. Nd8 Ne8 62. Nf7 Ng7 63. Kb6 Nf5 64. Nd6 1-0

[Event "Bratto op"]
[Site "Bratto ITA"]
[Date "2010.08.24"]
[Round "5"]
[White "Bruno, Fabio"]
[Black "Kovalyov, Anton"]
[Result "0-1"]
[WhiteElo "2477"]
[BlackElo "2599"]
[PlyCount "134"]
[GameId "2129405076313206"]
[EventDate "2010.08.20"]
[EventType "swiss"]
[EventRounds "9"]
[EventCountry "ITA"]
[SourceTitle "The Week in Chess 828"]
[Source "Mark Crowther"]
[SourceDate "2010.09.20"]
[SourceVersion "1"]
[SourceVersionDate "2010.09.20"]
[SourceQuality "2"]

1. d4 Nf6 2. Nf3 e6 3. c4 b6 4. Nc3 Bb4 5. e3 Bb7 6. Bd3 c5 7. O-O O-O 8. Bd2 cxd4 9. exd4 d5 10. cxd5 Nxd5 11. Qe2 Nf6 12. a3 Be7 13. Bg5 Nbd7 14. Rad1 a6 15. Rfe1 h6 16. Bf4 b5 17. Ne5 Nd5 18. Bd2 Nxc3 19. bxc3 Nxe5 20. Qxe5 Qd5 21. Qg3 Bd6 22. Qh3 f5 23. Be2 Qa2 24. a4 bxa4 25. c4 Be4 26. Bxh6 Qb3 27. Bd3 Bxd3 28. Rxd3 Qxc4 29. d5 exd5 30. Red1 Rae8 31. Be3 f4 32. Bd4 Be5 33. Bxe5 Rxe5 34. Qf3 Qe4 35. h4 Qxf3 36. gxf3 Rb8 37. Ra3 Rb4 38. Kg2 d4 39. Kh3 Re2 40. Kg4 Kf7 41. Rda1 Re6 42. Kf5 g6+ 43. Kg4 Kf6 44. Rh1 Re5 45. Rc1 Re6 46. Rh1 Ke7 47. h5 gxh5+ 48. Rxh5 Rd6 49. Rh7+ Ke6 50. Kxf4 Kd5 51. Rh1 Rc6 52. Rh5+ Kc4 53. Rh1 d3 54. Rd1 Rf6+ 55. Ke5 Rxf3 56. Ke4 Rxf2 57. Raxd3 Re2+ 58. Kf3 Re5 59. Kf4 Re8 60. Kf5 Rb3 61. Rd4+ Kb5 62. Rd6 Ka5 63. Ra1 Reb8 64. Ke4 R8b4+ 65. Ke5 a3 66. Rc6 Kb5 67. Kd6 Rd4+ 0-1

[Event "Bratto op"]
[Site "Bratto ITA"]
[Date "2010.08.25"]
[Round "6"]
[White "Kovalyov, Anton"]
[Black "Landa, Konstantin"]
[Result "1/2-1/2"]
[WhiteElo "2599"]
[BlackElo "2598"]
[PlyCount "35"]
[GameId "2129405076313223"]
[EventDate "2010.08.20"]
[EventType "swiss"]
[EventRounds "9"]
[EventCountry "ITA"]
[SourceTitle "The Week in Chess 828"]
[Source "Mark Crowther"]
[SourceDate "2010.09.20"]
[SourceVersion "1"]
[SourceVersionDate "2010.09.20"]
[SourceQuality "2"]

1. c4 e6 2. g3 Nf6 3. Nf3 a6 4. Bg2 b5 5. d3 Bb7 6. Nc3 b4 7. Na4 d6 8. O-O Nbd7 9. b3 g6 10. Bb2 Bg7 11. Ne1 Bxg2 12. Nxg2 O-O 13. e4 Qb8 14. Qe2 Nb6 15. Nxb6 Qxb6 16. d4 a5 17. a4 bxa3 18. Rxa3 1/2-1/2

[Event "Bratto op"]
[Site "Bratto ITA"]
[Date "2010.08.27"]
[Round "8"]
[White "Kovalyov, Anton"]
[Black "Baklan, Vladimir"]
[Result "1/2-1/2"]
[WhiteElo "2599"]
[BlackElo "2638"]
[PlyCount "55"]
[GameId "2129405076313250"]
[EventDate "2010.08.20"]
[EventType "swiss"]
[EventRounds "9"]
[EventCountry "ITA"]
[SourceTitle "The Week in Chess 828"]
[Source "Mark Crowther"]
[SourceDate "2010.09.20"]
[SourceVersion "1"]
[SourceVersionDate "2010.09.20"]
[SourceQuality "2"]

1. Nf3 Nf6 2. c4 e6 3. g3 a6 4. b3 d5 5. Bb2 Be7 6. Bg2 O-O 7. O-O dxc4 8. bxc4 c5 9. Ne5 Nbd7 10. a4 Qc7 11. Nxd7 Bxd7 12. a5 Bc6 13. d3 Bxg2 14. Kxg2 Nd7 15. Nd2 Nb8 16. Qa4 f5 17. Rfb1 Nc6 18. Bc3 Nb4 19. f4 Bf6 20. Bxf6 gxf6 21. d4 Rad8 22. Nf3 Nc6 23. dxc5 e5 24. Qc2 exf4 25. Qxf5 fxg3 26. hxg3 Rf7 27. Rd1 Re8 28. Ra2 1/2-1/2

[Event "Bratto op"]
[Site "Bratto ITA"]
[Date "2010.08.28"]
[Round "9"]
[White "Rombaldoni, Axel"]
[Black "Kovalyov, Anton"]
[Result "0-1"]
[WhiteElo "2448"]
[BlackElo "2599"]
[PlyCount "70"]
[GameId "2129405076313264"]
[EventDate "2010.08.20"]
[EventType "swiss"]
[EventRounds "9"]
[EventCountry "ITA"]
[SourceTitle "The Week in Chess 828"]
[Source "Mark Crowther"]
[SourceDate "2010.09.20"]
[SourceVersion "1"]
[SourceVersionDate "2010.09.20"]
[SourceQuality "2"]

1. e4 c5 2. Nf3 d6 3. d4 cxd4 4. Nxd4 Nf6 5. Nc3 a6 6. Be3 e5 7. Nb3 Be6 8. Nd5 Nbd7 9. f3 Bxd5 10. exd5 h5 11. Be2 Qc7 12. c4 Be7 13. O-O g6 14. Rc1 a5 15. f4 exf4 16. Rxf4 O-O 17. Nd4 Rfe8 18. Nb5 Qd8 19. Bd4 Bf8 20. Rc3 Bh6 21. Rf1 Ne5 22. Rh3 Bg7 23. Re1 Ne4 24. Bd3 Nf6 25. Rhe3 Nfg4 26. R3e2 Qh4 27. h3 Nf3+ 28. gxf3 Qg3+ 29. Kh1 Qxh3+ 30. Kg1 Qg3+ 31. Kh1 Qxf3+ 32. Kg1 Bxd4+ 33. Nxd4 Qg3+ 34. Kh1 Re3 35. Be4 Rxe4 0-1

[Event "ESP-Tch CECLUB GpA"]
[Site "Burguillos ESP"]
[Date "2010.08.10"]
[Round "2"]
[White "Kovalyov, Anton"]
[Black "Macieja, Bartlomiej"]
[Result "1/2-1/2"]
[WhiteElo "2599"]
[BlackElo "2639"]
[PlyCount "111"]
[GameId "2129405076634301"]
[EventDate "2010.08.09"]
[EventType "team"]
[EventRounds "5"]
[EventCountry "ESP"]
[SourceTitle "The Week in Chess 823"]
[Source "Mark Crowther"]
[SourceDate "2010.08.16"]
[SourceVersion "1"]
[SourceVersionDate "2010.08.16"]
[SourceQuality "2"]

1. Nf3 c5 2. c4 Nf6 3. Nc3 Nc6 4. g3 g6 5. Bg2 Bg7 6. d4 cxd4 7. Nxd4 O-O 8. O-O Nxd4 9. Qxd4 d6 10. Qd3 a6 11. Rd1 Bf5 12. Qf3 Rb8 13. c5 b5 14. cxd6 b4 15. Nd5 Nxd5 16. Rxd5 Be6 17. Rd3 exd6 18. Bf4 Bxb2 19. Rad1 Bxa2 20. Bxd6 Bc4 21. Bxb4 Bxd3 22. Bxf8 Qxf8 23. Rxd3 Qe7 24. e3 a5 25. Qc6 Rd8 26. Rb3 Qf6 27. Qc2 Be5 28. Rb5 Bc3 29. Bd5 Kg7 30. Kg2 Rd7 31. h4 h5 32. Qa2 Be1 33. e4 Bb4 34. Rb7 Rxb7 35. Bxb7 Bc5 36. Bd5 a4 37. Qc2 Qd4 38. Qe2 a3 39. Ba2 Qb2 40. Qxb2+ axb2 41. f4 Kf6 42. Kf3 Ke7 43. f5 Kf6 44. g4 Ke5 45. fxg6 fxg6 46. gxh5 gxh5 47. Bb1 Be7 48. Kg3 Bd8 49. Kh3 Kf4 50. e5 Kxe5 51. Kg3 Kd4 52. Kh3 Ke3 53. Bg6 Kd2 54. Kg3 Kc1 55. Bh7 Bxh4+ 56. Kg2 1/2-1/2

[Event "ESP-Tch CECLUB GpA"]
[Site "Burguillos ESP"]
[Date "2010.08.11"]
[Round "3"]
[White "Berbatov, Kiprian"]
[Black "Kovalyov, Anton"]
[Result "0-1"]
[WhiteElo "2455"]
[BlackElo "2599"]
[PlyCount "91"]
[GameId "2129405076634306"]
[EventDate "2010.08.09"]
[EventType "team"]
[EventRounds "5"]
[EventCountry "ESP"]
[SourceTitle "The Week in Chess 823"]
[Source "Mark Crowther"]
[SourceDate "2010.08.16"]
[SourceVersion "1"]
[SourceVersionDate "2010.08.16"]
[SourceQuality "2"]

1. e4 c5 2. Nf3 d6 3. d4 cxd4 4. Nxd4 Nf6 5. Nc3 a6 6. Bc4 e6 7. Bb3 Nbd7 8. f4 Nc5 9. Qf3 b5 10. f5 e5 11. Nc6 Qd7 12. Nb4 Bb7 13. Nbd5 Ncxe4 14. Nb6 Nxc3 15. Nxd7 Bxf3 16. Nxf6+ gxf6 17. gxf3 Na4 18. Bd5 Rc8 19. Bb7 Rb8 20. Bc6+ Kd8 21. c4 Nc5 22. cxb5 axb5 23. Be3 h5 24. Rd1 Kc7 25. Bd5 Bh6 26. Bxh6 Rxh6 27. b4 Na6 28. Rc1+ Kd7 29. Bxf7 Nc7 30. Kf2 Rb6 31. Rhg1 Rh7 32. Bb3 Rc6 33. Rxc6 Kxc6 34. Rg8 h4 35. f4 e4 36. Ke3 Re7 37. Rc8 Kd7 38. Rf8 Kc6 39. Rc8 h3 40. a3 d5 41. Rf8 d4+ 42. Kxd4 e3 43. Rxf6+ Kb7 44. Bd1 Rd7+ 45. Kxe3 Nd5+ 46. Kd4 0-1